[Event "Open Mediterranean 2017"]
[Site "Rijeka CRO"]
[Date "2009.12.02"]
[Round "6.25"]
[White "Bjelicic, Jan"]
[Black "Ciganovic, Nikola"]
[Result "1-0"]
[WhiteElo "2087"]
[BlackElo "2276"]
[PlyCount "115"]
[EventDate "2009.11.28"]
[EventType "swiss"]
[EventRounds "9"]
[EventCountry "CRO"]
[Source "lmi"]
[SourceDate "2009.11.28"]

1. e4 e5 2. Nf3 Nc6 3. Bb5 a6 4. Bxc6 dxc6 5. O-O f6 6. d4 exd4 7. Nxd4 c5 8.
Nb3 Qxd1 9. Rxd1 Bd7 10. Nc3 O-O-O 11. Be3 b6 12. a4 a5 13. Bf4 Ne7 14. Bg3 g5
15. Nd2 Bg7 16. h4 h6 17. Nc4 Rhe8 18. f3 Be6 19. Na3 f5 20. Nab5 f4 21. Be1
Nc6 22. hxg5 hxg5 23. Rxd8+ Rxd8 24. Rd1 Nd4 25. Kf2 Nxb5 26. Rxd8+ Kxd8 27.
axb5 Bc4 28. g3 Kd7 29. Bd2 c6 30. bxc6+ Kxc6 31. gxf4 gxf4 32. Bxf4 b5 33. e5
b4 34. Na4 Bb5 35. b3 Bxa4 36. bxa4 c4 37. Ke3 Kc5 38. Ke4 b3 39. cxb3 cxb3 40.
Bc1 Kb4 41. e6 Bf8 42. Kd4 Kxa4 43. Kc4 Ba3 44. Bb2 Be7 45. f4 Bf8 46. f5 Be7
47. f6 Bxf6 48. Bxf6 b2 49. e7 b1=Q 50. e8=Q+ Ka3 51. Be7+ Kb2 52. Qb5+ Kc2 53.
Qf5+ Kb2 54. Bf6+ Kc1 55. Qf1+ Kc2 56. Qd3+ Kc1 57. Bg5+ Kb2 58. Qb3+ 1-0

[Event "Open Mediterranean 2017"]
[Site "Rijeka CRO"]
[Date "2009.12.02"]
[Round "6.26"]
[White "Getz, Nicolai"]
[Black "Muskardin, Mario"]
[Result "1-0"]
[WhiteElo "2270"]
[BlackElo "2067"]
[PlyCount "87"]
[EventDate "2009.11.28"]
[EventType "swiss"]
[EventRounds "9"]
[EventCountry "CRO"]
[Source "lmi"]
[SourceDate "2009.11.28"]

1. e4 d6 2. d4 Nf6 3. Nc3 Nbd7 4. Nge2 e5 5. g3 exd4 6. Nxd4 Nc5 7. Bg2 Be7 8.
O-O O-O 9. h3 Re8 10. b4 Ne6 11. Nf5 Bf8 12. a3 a5 13. Be3 Nd7 14. Qe2 axb4 15.
axb4 Rxa1 16. Rxa1 Qf6 17. Ra3 c6 18. h4 g6 19. Nh6+ Bxh6 20. Bxh6 Nd4 21. Qd1
Ne5 22. Bf4 h5 23. Ne2 Nc4 24. Ra8 Nb6 25. Ra5 Nxe2+ 26. Qxe2 d5 27. Qd3 dxe4
28. Bxe4 Be6 29. Be5 Qe7 30. Bxg6 Bd5 31. Bh7+ Kf8 32. Bc3 Qe6 33. Bf5 Qh6 34.
Ra1 Nc4 35. Qd4 Kg8 36. Bd3 Ne5 37. Qxe5 Rxe5 38. Ra8+ Kg7 39. Bxe5+ f6 40. Bf4
Qh8 41. Rxh8 Kxh8 42. c4 Bf7 43. c5 Be8 44. Bf5 1-0

[Event "Open Mediterranean 2017"]
[Site "Rijeka CRO"]
[Date "2009.12.02"]
[Round "6.27"]
[White "Muslija, Idris"]
[Black "Nastic, Milorad"]
[Result "1-0"]
[WhiteElo "2223"]
[BlackElo "2012"]
[PlyCount "68"]
[EventDate "2009.11.28"]
[EventType "swiss"]
[EventRounds "9"]
[EventCountry "CRO"]
[Source "lmi"]
[SourceDate "2009.11.28"]

1. c4 e5 2. Nc3 d6 3. g3 Bd7 4. Bg2 Bc6 5. Nd5 Ne7 6. e3 Nxd5 7. cxd5 Bb5 8.
Ne2 c5 9. d4 exd4 10. exd4 b6 11. O-O Be7 12. dxc5 bxc5 13. Re1 O-O 14. Nc3 a6
15. Nxb5 axb5 16. Qe2 Bf6 17. Qxb5 Nd7 18. Qe2 Rb8 19. Rb1 Bd4 20. Be3 Re8 21.
Qd2 Rb4 22. a3 Bxe3 23. Rxe3 Rd4 24. Rd3 Ra4 25. Re1 Rxe1+ 26. Qxe1 Kf8 27. h3
Ne5 28. Re3 Rd4 29. Qe2 Qb8 30. b3 g6 31. Kh2 h5 32. Qc2 h4 33. Re4 hxg3+ 34.
fxg3 Rd3 1-0

[Event "Open Mediterranean 2017"]
[Site "Rijeka CRO"]
[Date "2009.12.02"]
[Round "6.28"]
[White "Steinhart, Christoph"]
[Black "Arvola, Benjamin"]
[Result "0-1"]
[WhiteElo "2045"]
[BlackElo "2207"]
[PlyCount "78"]
[EventDate "2009.11.28"]
[EventType "swiss"]
[EventRounds "9"]
[EventCountry "CRO"]
[Source "lmi"]
[SourceDate "2009.11.28"]

1. e4 c5 2. Nf3 d6 3. d4 cxd4 4. Nxd4 Nf6 5. Nc3 g6 6. Be3 Bg7 7. f3 O-O 8. Qd2
Nc6 9. O-O-O d5 10. exd5 Nxd5 11. Nxc6 bxc6 12. Bd4 e5 13. Bc5 Be6 14. Ne4 Re8
15. Bc4 f5 16. Ng5 Bh6 17. h4 Qf6 18. Kb1 Kh8 19. g3 Bg8 20. f4 Bg7 21. c3 exf4
22. gxf4 Nxc3+ 23. Qxc3 Qxc3 24. bxc3 Bxc4 25. Rd7 Rab8+ 26. Kc1 Bxa2 27. Rh2
Re1+ 28. Kd2 Reb1 29. Ke3 Re8+ 30. Kf3 Bd5+ 31. Kg3 Rb3 32. Rc2 Bxc3 33. Kh2
Bg7 34. Bxa7 h6 35. Nf7+ Kg8 36. Ne5 Bxe5 37. fxe5 Rxe5 38. Bd4 Re4 39. Bf6 g5
0-1

[Event "Open Mediterranean 2017"]
[Site "Rijeka CRO"]
[Date "2009.12.02"]
[Round "6.29"]
[White "Kozarcanin, Sead"]
[Black "Lakovic, Igor"]
[Result "1-0"]
[WhiteElo "2187"]
[BlackElo "1940"]
[PlyCount "89"]
[EventDate "2009.11.28"]
[EventType "swiss"]
[EventRounds "9"]
[EventCountry "CRO"]
[Source "lmi"]
[SourceDate "2009.11.28"]

1. e4 e5 2. Nc3 Nf6 3. g3 d5 4. exd5 Nxd5 5. Bg2 Nxc3 6. bxc3 Bd6 7. d3 Nc6 8.
Nf3 O-O 9. O-O b6 10. h3 Bd7 11. Rb1 Rb8 12. Re1 Re8 13. Nd2 Qc8 14. Kh2 b5 15.
c4 Nd4 16. c3 Ne6 17. cxb5 Bxb5 18. Ne4 Bd7 19. Be3 c5 20. c4 Be7 21. Nc3 Qa6
22. Re2 Bd6 23. Reb2 Nd4 24. Ne4 Rxb2 25. Rxb2 h6 26. Bxh6 f5 27. Nxd6 Qxd6 28.
Be3 e4 29. dxe4 fxe4 30. Rd2 Qg6 31. Bxd4 cxd4 32. Rxd4 Bf5 33. g4 Bc8 34. Rd8
Bb7 35. Qd6 Qxd6+ 36. Rxd6 Rc8 37. Rd7 Bc6 38. Rxa7 Rf8 39. Kg3 Rd8 40. Rc7 Ba8
41. Re7 Kf8 42. Re5 Rd3+ 43. Kf4 e3 44. Bxa8 exf2 45. Bg2 1-0

[Event "Open Mediterranean 2017"]
[Site "Rijeka CRO"]
[Date "2009.12.02"]
[Round "6.30"]
[White "Petrovic, Marko"]
[Black "Krkljes, Slaven"]
[Result "1-0"]
[WhiteElo "1979"]
[BlackElo "2187"]
[PlyCount "125"]
[EventDate "2009.11.28"]
[EventType "swiss"]
[EventRounds "9"]
[EventCountry "CRO"]
[Source "lmi"]
[SourceDate "2009.11.28"]

1. Nf3 Nf6 2. c4 e6 3. Nc3 c5 4. g3 b6 5. Bg2 Bb7 6. O-O Be7 7. d4 cxd4 8. Qxd4
d6 9. Bg5 a6 10. Bxf6 gxf6 11. Rfd1 Nd7 12. Nh4 Bxg2 13. Nxg2 Rc8 14. Ne4 Rc6
15. Ne3 Ne5 16. Kf1 f5 17. f4 Ng6 18. Nc3 Bf6 19. Qd3 h5 20. Nc2 Qc7 21. Nb4 h4
22. Nxc6 hxg3 23. hxg3 Qxc6 24. Qf3 Qxc4 25. Rac1 Qb4 26. Kg2 Kf8 27. b3 Rg8
28. Kf1 d5 29. Na4 Kg7 30. Rc6 Rh8 31. Kg2 Rh4 32. Rxb6 Qa5 33. Qd3 d4 34. Qc4
Rg4 35. Kf2 Nxf4 36. Qc5 Qxc5 37. Nxc5 Nd5 38. Rxa6 Be5 39. Rg1 d3 40. Nxd3
Bd4+ 41. Kg2 Bxg1 42. Kxg1 f4 43. Ra4 Rxg3+ 44. Kf2 Rg4 45. b4 Kf6 46. b5 Kf5
47. Rc4 Rh4 48. Ke1 e5 49. e4+ Kg4 50. Nf2+ Kf3 51. exd5 f5 52. Rc3+ Kg2 53.
Rh3 Rxh3 54. Nxh3 f3 55. d6 e4 56. d7 e3 57. Nf4+ Kg1 58. d8=Q f2+ 59. Ke2
f1=Q+ 60. Kxe3 Qf2+ 61. Kd3 Qf3+ 62. Kd2 Qxf4+ 63. Kc3 1-0

[Event "Open Mediterranean 2017"]
[Site "Rijeka CRO"]
[Date "2009.12.02"]
[Round "6.31"]
[White "Gandrud, Vegar Koi"]
[Black "Thingstad, Anders"]
[Result "1-0"]
[WhiteElo "2143"]
[BlackElo "1914"]
[PlyCount "55"]
[EventDate "2009.11.28"]
[EventType "swiss"]
[EventRounds "9"]
[EventCountry "CRO"]
[Source "lmi"]
[SourceDate "2009.11.28"]

1. d4 Nf6 2. c4 g6 3. Nc3 d5 4. h4 Bg7 5. h5 O-O 6. hxg6 fxg6 7. Nf3 c6 8. Qb3
Qb6 9. cxd5 Qxb3 10. axb3 cxd5 11. e4 dxe4 12. Bc4+ e6 13. Ng5 Re8 14. Nxe6
Bxe6 15. Bxe6+ Kh8 16. d5 Na6 17. Bg5 Nc5 18. Bf7 Nd3+ 19. Ke2 Ne5 20. Be6 Ned7
21. Rh4 Nf8 22. Rah1 h5 23. g4 Nxe6 24. dxe6 Rac8 25. gxh5 gxh5 26. Bxf6 Bxf6
27. Rxe4 h4 28. Nd5 1-0

[Event "Open Mediterranean 2017"]
[Site "Rijeka CRO"]
[Date "2009.12.02"]
[Round "6.32"]
[White "Stojanovic, Andjelija"]
[Black "Noordhoek, Henk"]
[Result "1-0"]
[WhiteElo "2329"]
[BlackElo "2087"]
[PlyCount "105"]
[EventDate "2009.11.28"]
[EventType "swiss"]
[EventRounds "9"]
[EventCountry "CRO"]
[Source "lmi"]
[SourceDate "2009.11.28"]

1. d4 Nf6 2. Bg5 e6 3. Nd2 c5 4. e3 Nc6 5. Ngf3 b6 6. c3 Be7 7. Bd3 Bb7 8. Qe2
h6 9. Bxf6 Bxf6 10. O-O O-O 11. a3 d6 12. b4 a5 13. b5 Ne7 14. e4 e5 15. dxe5
Bxe5 16. Nxe5 dxe5 17. Nc4 Qc7 18. Ne3 Rad8 19. Rfd1 Rd6 20. f3 Rfd8 21. Bc4
R8d7 22. Bb3 Qd8 23. Nc4 Rxd1+ 24. Rxd1 Rxd1+ 25. Qxd1 Qxd1+ 26. Bxd1 Nc8 27.
Nxe5 Nd6 28. a4 Bc8 29. Bb3 Kf8 30. Kf2 f6 31. Ng6+ Ke8 32. Bd5 Bd7 33. Ke3 Kd8
34. h3 Be8 35. Nf4 Ke7 36. Ba2 Nc8 37. Nd3 Kd6 38. Nf4 Ke5 39. Ne6 g5 40. g3
Bd7 41. Nd8 Be8 42. Ke2 Kd6 43. f4 Ke7 44. Nc6+ Bxc6 45. bxc6 Kd6 46. Bd5 Ne7
47. c4 Ng6 48. Kf3 gxf4 49. gxf4 Ke7 50. Kg4 Kd6 51. Kh5 Nxf4+ 52. Kxh6 Nxh3
53. Kg6 1-0

[Event "Open Mediterranean 2017"]
[Site "Rijeka CRO"]
[Date "2009.12.02"]
[Round "6.33"]
[White "Juranic, Bruno"]
[Black "Spika, Ivica"]
[Result "1-0"]
[WhiteElo "2214"]
[BlackElo "2086"]
[PlyCount "81"]
[EventDate "2009.11.28"]
[EventType "swiss"]
[EventRounds "9"]
[EventCountry "CRO"]
[Source "lmi"]
[SourceDate "2009.11.28"]

1. e4 Nf6 2. e5 Nd5 3. Nc3 Nxc3 4. dxc3 d6 5. Bf4 Nc6 6. Nf3 Bg4 7. Bb5 Qd7 8.
h3 Bxf3 9. Qxf3 g6 10. O-O-O Bg7 11. Rhe1 O-O 12. Bc4 Qc8 13. e6 f6 14. h4 Ne5
15. Bxe5 fxe5 16. Qh3 c6 17. h5 Rf6 18. hxg6 Rxg6 19. Rh1 Bh6+ 20. Kb1 d5 21.
Bb3 Qxe6 22. Qxe6+ Rxe6 23. c4 Kg7 24. cxd5 Rf6 25. dxc6 bxc6 26. Rd7 Re8 27.
f3 Be3 28. Re1 Bf2 29. Rxe5 Rh6 30. Rdxe7+ Rxe7 31. Rxe7+ Kf8 32. Rf7+ Ke8 33.
a4 Rh2 34. g4 Kd8 35. g5 Be3 36. Be6 Rh4 37. a5 Ra4 38. Rxh7 Bxg5 39. Rxa7 Be3
40. Bb3 Rf4 41. Rh7 1-0

[Event "Open Mediterranean 2017"]
[Site "Rijeka CRO"]
[Date "2009.12.02"]
[Round "6.34"]
[White "Tjolsen, Katrine"]
[Black "Padjen, Zdenko"]
[Result "1-0"]
[WhiteElo "2194"]
[BlackElo "2082"]
[PlyCount "99"]
[EventDate "2009.11.28"]
[EventType "swiss"]
[EventRounds "9"]
[EventCountry "CRO"]
[Source "lmi"]
[SourceDate "2009.11.28"]

1. e4 e5 2. Nf3 Nc6 3. Bb5 f5 4. d3 fxe4 5. dxe4 Nf6 6. Qd3 Bc5 7. O-O d6 8.
Nc3 Bd7 9. Na4 Qe7 10. c3 a6 11. Nxc5 dxc5 12. Ba4 O-O 13. Bg5 Rad8 14. Rfe1 b5
15. Bc2 Na5 16. Nd2 h6 17. Bh4 Bc6 18. Qe2 g5 19. Bg3 b4 20. Bd3 Bb5 21. Bxb5
axb5 22. Nf3 bxc3 23. Nxe5 cxb2 24. Qxb2 Qe8 25. Rab1 Nh5 26. Ng4 Nxg3 27. Nf6+
Rxf6 28. Qxf6 Nh5 29. Qxh6 Rd6 30. Qxg5+ Rg6 31. Qxc5 c6 32. Rbd1 Nf4 33. g3
Nc4 34. Qf5 Ne6 35. e5 Rg5 36. Qf6 Rg6 37. Qh4 Ng5 38. Kg2 c5 39. Qf4 Qc6+ 40.
f3 Ne6 41. Qe4 Qe8 42. f4 Rg4 43. h3 Rg7 44. f5 Ng5 45. Qd5+ Kh7 46. e6 Ra7 47.
f6 Rxa2+ 48. Kh1 Qh5 49. Qd7+ Kg6 50. Qg7+ 1-0

[Event "Open Mediterranean 2017"]
[Site "Rijeka CRO"]
[Date "2009.12.02"]
[Round "6.35"]
[White "Klobucar, Dean"]
[Black "Logar, Metod"]
[Result "1-0"]
[WhiteElo "2174"]
[BlackElo "2071"]
[PlyCount "106"]
[EventDate "2009.11.28"]
[EventType "swiss"]
[EventRounds "9"]
[EventCountry "CRO"]
[Source "lmi"]
[SourceDate "2009.11.28"]

1. e4 e5 2. Nf3 Nc6 3. Bb5 a6 4. Ba4 Nf6 5. O-O Bc5 6. c3 b5 7. Bb3 d6 8. d3 h6
9. Be3 O-O 10. Nbd2 Qe7 11. Nh4 Kh7 12. Nf5 Bxf5 13. exf5 d5 14. Bxc5 Qxc5 15.
Re1 Rad8 16. Qf3 d4 17. Rac1 Qd6 18. c4 Na5 19. c5 Qe7 20. Bd1 Nd5 21. Qe4 f6
22. Bh5 Nc6 23. g3 Qd7 24. Nf3 Nde7 25. Nh4 a5 26. Bf3 Kh8 27. Qg4 g5 28. Ng2
Qe8 29. Be4 Rg8 30. Qd1 Qf7 31. a3 Kg7 32. Kf1 Rb8 33. Qf3 Qe8 34. h4 Qd7 35.
Ke2 a4 36. Rh1 Rh8 37. Ne1 b4 38. hxg5 hxg5 39. Rxh8 Kxh8 40. Nc2 Kg7 41. Rh1
Rh8 42. Rxh8 Kxh8 43. axb4 Na7 44. Na3 Kg7 45. g4 Nac6 46. b5 Na7 47. b6 cxb6
48. cxb6 Nac6 49. Qh1 Qb7 50. Nc4 Qc8 51. Qa1 Qa6 52. Qa3 Qb5 53. Qd6 Qb3 1-0

[Event "Open Mediterranean 2017"]
[Site "Rijeka CRO"]
[Date "2009.12.02"]
[Round "6.36"]
[White "Sikanjic, Bojan"]
[Black "Stefan, Mario"]
[Result "1-0"]
[WhiteElo "2160"]
[BlackElo "1996"]
[PlyCount "43"]
[EventDate "2009.11.28"]
[EventType "swiss"]
[EventRounds "9"]
[EventCountry "CRO"]
[Source "lmi"]
[SourceDate "2009.11.28"]

1. Nf3 Nf6 2. c4 d5 3. cxd5 Nxd5 4. e4 Nb6 5. d4 g6 6. Bb5+ c6 7. Be2 Bg7 8.
O-O O-O 9. Nc3 N8d7 10. a4 Nf6 11. a5 Nbd7 12. Bf4 Nh5 13. Be3 Nhf6 14. h3 Re8
15. Qb3 e5 16. Bc4 Qe7 17. Nxe5 Nxe5 18. dxe5 Nd7 19. f4 Nc5 20. Bxf7+ Kh8 21.
Qc4 Rf8 22. Bxg6 1-0

[Event "Open Mediterranean 2017"]
[Site "Rijeka CRO"]
[Date "2009.12.02"]
[Round "6.38"]
[White "Draskovic, Luka"]
[Black "Monjac, Mislav"]
[Result "1/2-1/2"]
[WhiteElo "2113"]
[BlackElo "1856"]
[PlyCount "90"]
[EventDate "2009.11.28"]
[EventType "swiss"]
[EventRounds "9"]
[EventCountry "CRO"]
[Source "lmi"]
[SourceDate "2009.11.28"]

1. e4 e5 2. Nf3 Nc6 3. d4 exd4 4. Nxd4 Bc5 5. Be3 Qf6 6. c3 Nge7 7. Bc4 O-O 8.
O-O b6 9. Nc2 d6 10. Nd2 Bb7 11. Kh1 Ne5 12. Be2 N7c6 13. Nd4 Nd7 14. Bb5 Bxd4
15. cxd4 a6 16. Bxc6 Bxc6 17. Qc2 Bb5 18. Rfe1 c5 19. d5 Ne5 20. a4 Bd7 21. f3
a5 22. Bf2 Rfe8 23. Bg3 Rab8 24. Qc3 Qe7 25. f4 Ng6 26. Nc4 Bc8 27. e5 dxe5 28.
fxe5 Ba6 29. e6 Rbd8 30. d6 Qf6 31. Qxf6 gxf6 32. e7 Bxc4 33. exd8=Q Rxd8 34.
Re3 f5 35. Rf3 Be6 36. h4 h5 37. Raf1 f4 38. Bxf4 Nxf4 39. Rxf4 Rxd6 40. R1f2
Rd7 41. Kh2 Kg7 42. Re4 Rd5 43. Rfe2 Kf6 44. Rf2+ Kg7 45. Rfe2 Kf6 1/2-1/2

[Event "Open Mediterranean 2017"]
[Site "Rijeka CRO"]
[Date "2009.12.02"]
[Round "6.39"]
[White "Krsnik Cohar, Ivan Vihor"]
[Black "Franciskovic, Vinko"]
[Result "1-0"]
[WhiteElo "1732"]
[BlackElo "2108"]
[PlyCount "109"]
[EventDate "2009.11.28"]
[EventType "swiss"]
[EventRounds "9"]
[EventCountry "CRO"]
[Source "lmi"]
[SourceDate "2009.11.28"]

1. d4 d6 2. Nf3 f5 3. Bg5 c6 4. e3 Qb6 5. Qc1 Be6 6. c3 Nd7 7. Nbd2 h6 8. Bh4
g6 9. Bd3 Bg7 10. Qc2 O-O-O 11. b4 Bf7 12. Nc4 Qc7 13. Nfd2 Ngf6 14. Bxf6 Bxf6
15. a4 e5 16. b5 c5 17. Rc1 e4 18. Be2 d5 19. Nb2 c4 20. g3 g5 21. Ra1 h5 22.
a5 h4 23. Nf1 Nb8 24. g4 Qd7 25. Rb1 fxg4 26. Na4 Be7 27. Rg1 Be6 28. Qd1 Rdf8
29. Rxg4 Kd8 30. Rg1 Rf7 31. Bh5 Rff8 32. Nc5 Bxc5 33. dxc5 Qc7 34. Rxg5 Qxc5
35. Bg4 Qe7 36. Re5 Qf6 37. Rxd5+ Bxd5 38. Qxd5+ Ke7 39. Qxb7+ Ke8 40. Qxb8+
Kf7 41. Qxa7+ Kg8 42. Rb2 Qxc3+ 43. Rd2 Rh6 44. Qc5 Rg6 45. h3 Qxa5 46. Qxc4+
Kg7 47. Qxe4 Rgf6 48. Qd4 Kh6 49. Be2 Kg7 50. Qg4+ Rg6 51. Qxh4 Rc8 52. Ng3
Rc1+ 53. Bd1 Qxb5 54. Qd4+ Kh6 55. Qh8+ 1-0

[Event "Open Mediterranean 2017"]
[Site "Rijeka CRO"]
[Date "2009.12.02"]
[Round "6.40"]
[White "Heifez, Eugen"]
[Black "Mateljak, Goran"]
[Result "1/2-1/2"]
[WhiteElo "2245"]
[BlackElo "1936"]
[PlyCount "61"]
[EventDate "2009.11.28"]
[EventType "swiss"]
[EventRounds "9"]
[EventCountry "CRO"]
[Source "lmi"]
[SourceDate "2009.11.28"]

1. e4 c5 2. Nc3 d6 3. g3 Nf6 4. Bg2 e6 5. d3 Be7 6. f4 Nc6 7. Nf3 Rb8 8. a4 a6
9. O-O Qb6 10. Kh1 O-O 11. Rb1 h6 12. Be3 Qc7 13. h3 h5 14. Nh4 g6 15. f5 Kg7
16. Qd2 Rh8 17. fxg6 fxg6 18. Bg5 Bd7 19. Ne2 e5 20. Rf2 Rbf8 21. Rbf1 Nd4 22.
Nc3 Be6 23. Nd5 Bxd5 24. exd5 b5 25. axb5 axb5 26. Be4 Nxe4 27. dxe4 Rxf2 28.
Rxf2 Qd8 29. Bxe7 Qxe7 30. c3 Nb3 31. Qd1 1/2-1/2

[Event "Open Mediterranean 2017"]
[Site "Rijeka CRO"]
[Date "2009.12.02"]
[Round "6.41"]
[White "Mikalsen, Erlend"]
[Black "Solic, Kristina"]
[Result "1-0"]
[WhiteElo "1936"]
[BlackElo "2190"]
[PlyCount "65"]
[EventDate "2009.11.28"]
[EventType "swiss"]
[EventRounds "9"]
[EventCountry "CRO"]
[Source "lmi"]
[SourceDate "2009.11.28"]

1. e4 c5 2. Nf3 Nc6 3. d4 cxd4 4. Nxd4 Nf6 5. Nc3 d6 6. f3 e5 7. Nb3 Be7 8. Be3
Be6 9. Qd2 O-O 10. O-O-O a5 11. a4 Nb4 12. g4 Rc8 13. g5 Nd7 14. Kb1 Nb6 15.
Bb5 Nc4 16. Bxc4 Bxc4 17. h4 Qd7 18. Nxa5 b5 19. Nxc4 Rxc4 20. b3 Rcc8 21. axb5
Qb7 22. Rc1 Rxc3 23. Qxc3 Qxb5 24. Bd2 Nc6 25. Qd3 Qb6 26. Kb2 Rc8 27. Bc3 Qc5
28. Ra1 Na7 29. Ra5 Qb6 30. Rha1 Rc7 31. Bd2 Nc8 32. Ra8 Bf8 33. Ba5 1-0

[Event "Open Mediterranean 2017"]
[Site "Rijeka CRO"]
[Date "2009.12.02"]
[Round "6.42"]
[White "Camber, Ivan"]
[Black "Staberhofer, Rainer"]
[Result "0-1"]
[WhiteElo "1915"]
[BlackElo "2170"]
[PlyCount "98"]
[EventDate "2009.11.28"]
[EventType "swiss"]
[EventRounds "9"]
[EventCountry "CRO"]
[Source "lmi"]
[SourceDate "2009.11.28"]

1. e4 d5 2. exd5 Qxd5 3. Nc3 Qa5 4. Nf3 Nf6 5. d4 c6 6. Bc4 Bf5 7. O-O e6 8.
Re1 Be7 9. Bd2 Qc7 10. h3 Nbd7 11. Ne5 Nxe5 12. dxe5 Nd7 13. Bf4 Rd8 14. Qe2
Nb6 15. Bb3 O-O 16. Ne4 Rd4 17. f3 Bxe4 18. fxe4 Rfd8 19. c3 R4d7 20. Rf1 c5
21. Rad1 Rxd1 22. Bxd1 Bf8 23. h4 Rd7 24. h5 Qd8 25. Qg4 Kh8 26. Be2 a6 27. h6
g6 28. Bg5 Qe8 29. Qf4 Kg8 30. b3 Be7 31. Bg4 Bxg5 32. Qxg5 Qe7 33. Qxe7 Rxe7
34. Rd1 Rd7 35. Rd6 Rxd6 36. exd6 Nd7 37. Kf2 Ne5 38. Be2 Kf8 39. Ke3 Ke8 40.
b4 cxb4 41. c4 b6 42. c5 bxc5 43. Bxa6 Kd7 44. g4 g5 45. Be2 Kxd6 46. Bd1 f6
47. Be2 Nf7 48. e5+ Nxe5 49. Ke4 Nf7 0-1

[Event "Open Mediterranean 2017"]
[Site "Rijeka CRO"]
[Date "2009.12.02"]
[Round "6.43"]
[White "Thingstad, Even"]
[Black "Lakic, Gojko"]
[Result "1-0"]
[WhiteElo "2139"]
[BlackElo "1880"]
[PlyCount "49"]
[EventDate "2009.11.28"]
[EventType "swiss"]
[EventRounds "9"]
[EventCountry "CRO"]
[Source "lmi"]
[SourceDate "2009.11.28"]

1. d4 d5 2. c4 c6 3. Nf3 e6 4. Nc3 Nf6 5. Bg5 dxc4 6. e4 Be7 7. Bxc4 b5 8. Bd3
Bb7 9. O-O a6 10. e5 Nd5 11. Ne4 O-O 12. Bxe7 Nxe7 13. Nd6 Qb6 14. Bxh7+ Kxh7
15. Ng5+ Kg6 16. Qg4 f5 17. Qg3 Qxd4 18. Nxe6+ Qg4 19. Nxf8+ Kg5 20. f4+ Kh5
21. Rf3 Qxg3 22. Rxg3 Bc8 23. Rg5+ Kh4 24. Nxc8 Nxc8 25. Ng6# 1-0

[Event "Open Mediterranean 2017"]
[Site "Rijeka CRO"]
[Date "2009.12.02"]
[Round "6.44"]
[White "Hamzic, Abid"]
[Black "Sercer, Zoran"]
[Result "0-1"]
[WhiteElo "1843"]
[BlackElo "2116"]
[PlyCount "102"]
[EventDate "2009.11.28"]
[EventType "swiss"]
[EventRounds "9"]
[EventCountry "CRO"]
[Source "lmi"]
[SourceDate "2009.11.28"]

1. f4 d5 2. d4 Nf6 3. Nf3 e6 4. e3 c5 5. c3 a6 6. Bd3 Nc6 7. O-O c4 8. Bc2 g6
9. Nbd2 Bg7 10. Ne5 Ne7 11. Qf3 Nd7 12. Qh3 Nxe5 13. fxe5 O-O 14. Nf3 f6 15.
Qg3 fxe5 16. Nxe5 Nf5 17. Bxf5 exf5 18. Nf3 Qe7 19. Nd2 Re8 20. Re1 Bf6 21. Qf3
Be6 22. Nf1 Kg7 23. g3 h5 24. Bd2 Bf7 25. h4 Qd7 26. b3 b5 27. Bc1 Rac8 28. b4
Re4 29. Nd2 Rg4 30. Kf2 Re8 31. Nf1 Re7 32. Nh2 Rge4 33. Nf1 Be8 34. Nd2 Rg4
35. Nf1 Qe6 36. Nh2 Re4 37. Nf1 Bd7 38. Nd2 Rg4 39. Nf1 f4 40. Bd2 fxg3+ 41.
Nxg3 Bxh4 42. Rg1 Rf7 43. Be1 Rxf3+ 44. Kxf3 Bxg3 45. Bxg3 Qe4+ 46. Kf2 Qc2+
47. Kf3 Bf5 48. Be5+ Kf7 49. Rxg4 Bxg4+ 50. Kg3 Qxc3 51. Rf1+ Bf5 0-1

[Event "Open Mediterranean 2017"]
[Site "Rijeka CRO"]
[Date "2009.12.02"]
[Round "6.45"]
[White "Brenc, Tomislav"]
[Black "Mravic, Filip"]
[Result "1-0"]
[WhiteElo "2075"]
[BlackElo "1810"]
[PlyCount "51"]
[EventDate "2009.11.28"]
[EventType "swiss"]
[EventRounds "9"]
[EventCountry "CRO"]
[Source "lmi"]
[SourceDate "2009.11.28"]

1. e4 e5 2. Nf3 Nf6 3. Nxe5 d6 4. Nf3 Nxe4 5. Nc3 Nxc3 6. dxc3 Be7 7. Bd3 Nc6
8. Be3 Be6 9. Qe2 Bf6 10. O-O-O Qe7 11. a3 a6 12. Kb1 O-O 13. h4 Ne5 14. Nxe5
Bxe5 15. g4 Rfe8 16. Ka1 g6 17. Bc4 Rad8 18. h5 d5 19. Bd3 c5 20. hxg6 fxg6 21.
Bxc5 Qxc5 22. Qxe5 Bxg4 23. Qg5 Bxd1 24. Bxg6 Qe7 25. Bxh7+ Kh8 26. Bf5+ 1-0

[Event "Open Mediterranean 2017"]
[Site "Rijeka CRO"]
[Date "2009.12.02"]
[Round "6.46"]
[White "Dubrovic, Mihovil"]
[Black "Klasan, Elvis"]
[Result "1-0"]
[WhiteElo "1811"]
[BlackElo "2066"]
[PlyCount "79"]
[EventDate "2009.11.28"]
[EventType "swiss"]
[EventRounds "9"]
[EventCountry "CRO"]
[Source "lmi"]
[SourceDate "2009.11.28"]

1. e4 c5 2. Nf3 g6 3. c3 Bg7 4. d4 cxd4 5. cxd4 d6 6. h3 Nf6 7. Nc3 O-O 8. Be2
b6 9. O-O Ba6 10. Re1 Bxe2 11. Qxe2 Ne8 12. Bg5 h6 13. Bh4 Nd7 14. Rad1 g5 15.
Bg3 Nc7 16. Rd2 Re8 17. e5 d5 18. Nd1 e6 19. Ne3 Nf8 20. h4 Nh7 21. Rc1 Re7 22.
Rdc2 Ne8 23. hxg5 hxg5 24. Ng4 Rc7 25. Rxc7 Nxc7 26. Kh2 Ne8 27. Qe3 Qe7 28. a3
b5 29. Kg1 a5 30. Rc5 Rb8 31. Nf6+ Kh8 32. Nxg5 Bh6 33. Nfxh7 Ng7 34. Bf4 Nf5
35. Qd2 b4 36. a4 Nh4 37. Nf6 Nf5 38. Qd3 Kg7 39. g4 Bxg5 40. Bxg5 1-0

[Event "Open Mediterranean 2017"]
[Site "Rijeka CRO"]
[Date "2009.12.02"]
[Round "6.47"]
[White "Dubrovic, Gabriel"]
[Black "Zrilic, Bozo"]
[Result "1-0"]
[WhiteElo "1627"]
[BlackElo "2021"]
[PlyCount "112"]
[EventDate "2009.11.28"]
[EventType "swiss"]
[EventRounds "9"]
[EventCountry "CRO"]
[Source "lmi"]
[SourceDate "2009.11.28"]

1. c4 e6 2. d4 b6 3. Nc3 Bb7 4. Nf3 f5 5. Bf4 Nf6 6. a3 Be7 7. e3 O-O 8. Be2 d6
9. O-O Nbd7 10. b4 Rc8 11. Qb3 Kh8 12. a4 Qe8 13. a5 Ne4 14. axb6 axb6 15. h3
Bf6 16. Rfd1 h6 17. Nd2 e5 18. Ndxe4 fxe4 19. dxe5 Nxe5 20. Ra7 Ba8 21. Nd5
Bxd5 22. cxd5 Qg6 23. Rc1 Nd3 24. Bxd3 exd3 25. Rd1 Qe4 26. f3 Qe7 27. Rxd3 Ra8
28. Ra3 b5 29. Bh2 Qf7 30. e4 Qg6 31. Qc2 Rxa3 32. Rxa3 Rf7 33. Kh1 Qh5 34.
Ra8+ Kh7 35. e5+ g6 36. exf6 Qxd5 37. Ra7 Qc4 38. Qxc4 bxc4 39. Ra6 Rd7 40. Rc6
Kg8 41. Rxc4 Kf7 42. Kg1 Kxf6 43. Kf2 Ke6 44. Rd4 c6 45. Rd3 d5 46. Re3+ Kf5
47. g4+ Kf6 48. Be5+ Kf7 49. Bd4 g5 50. Re5 Rc7 51. Rf5+ Kg6 52. Rf6+ Kh7 53.
Ke3 Rc8 54. Rf7+ Kg8 55. Rg7+ Kf8 56. Rh7 Re8+ 1-0

[Event "Open Mediterranean 2017"]
[Site "Rijeka CRO"]
[Date "2009.12.02"]
[Round "6.48"]
[White "Haug, Marianne Wold"]
[Black "Mateta, Marin"]
[Result "1-0"]
[WhiteElo "2005"]
[BlackElo "1735"]
[PlyCount "45"]
[EventDate "2009.11.28"]
[EventType "swiss"]
[EventRounds "9"]
[EventCountry "CRO"]
[Source "lmi"]
[SourceDate "2009.11.28"]

1. e4 c5 2. Nf3 Nc6 3. d4 d6 4. Nc3 Bg4 5. d5 Ne5 6. Nxe5 dxe5 7. Qxg4 Nf6 8.
Bb5+ Nd7 9. Bg5 a6 10. Qxd7+ Qxd7 11. Bxd7+ Kxd7 12. Na4 Kd6 13. Nb6 Rb8 14.
Nc4+ Kc7 15. Nxe5 f6 16. Nf7 Rg8 17. Bf4+ Kc8 18. Bxb8 Kxb8 19. e5 Kc7 20.
O-O-O Kd7 21. d6 e6 22. g4 g5 23. exf6 1-0